00410nam a2200157Ia 4500003000400000005001700004008004100021020001800062040000900080082002400089100001800113245006300131260003700194300000900231650001200240OSt20201028105606.0190216s9999||||xx |||||||||||||| ||und|| a9788172736033 coclc a821.91409954bDOM/D aDominic, K V 0aDiscourses On Five Indian Poets In English /cK V Dominic bAuthorspress,c2011.aNew Delhi: a311p aEnglish